000 00677cam a22002171 4500
001 he 67001070
003 DLC
005 20260227111447.0
008 840406s1797 gr 000 0 heb
010 _ahe 67001070
035 _a(OCoLC)19144268
040 _aDLC
_cMH
_dDLC
042 _apremarc
050 0 0 _aBM522.61
_b.E29
100 1 _aMedina, Shmuel de,
_d1506-1589.
245 1 0 _aSheʼelot u-teshuvot.
260 _aSalonika :
_bNidpas be-vet Shabtai Neḥamah, bi-defus beno Ḥayim Avraham ben Shabtai ṿa-ḥavero ʻAdi ben Yaʼudah ha-Levi Ashkenasi,
_c[1797-1798]
300 _av. ;
_c30 cm.
650 0 _aResponsa
_y1040-1600.
752 _aGreece
_dSalonika
999 _c32412
_d32412